000 00381nam a2200133Ia 4500
005 20260328104315.0
008 260328s9999||||xx |||||||||||||| ||und||
100 _aEmery, Sherman R.
245 0 _aStyled for Living :
_b residential Interiors from Interior Design magazine /
_cSherman R. Emery
260 _bDLB
300 _a240 p.
650 _aARQUITECTURA INTERIOR
942 _cBK
999 _c11130
_d11130